000 00590nam a2200193 i 4500
001 92451
003 ES-MaACL
005 20230906180955.0
007 t|
008 050308s1949 ag ||||1| spa d
100 1 _aLindlahr, Victor H.
_972406
245 1 0 _aCómo adelgazar comiendo /
_cVictor H. Lindlahr; traducción de Juan Ruiz Alcobre.
250 _a[9ª ed.].
260 _aBuenos Aires :
_bCosmos,
_c[1949]
300 _a270 p. :
_bil. ;
_c21 cm.
650 4 _aDietas de adelgazamiento.
_9166046
700 1 _aRuiz Alcobre, Juan.
_9100642
852 _aES-MaACL
_jB-12805
_bR.28744
999 _c92451
_d92451